00631nam a2200181 a 4500001001000000005001700010008004100027020001500068050002400083100001800107245005700125260009400182300004200276500003400318504003300352650002800385650003600413BRCA_152720190320203448.0000306s1999 mx-a---##b---s000-0cspa-# a9685025584 4aN6556.C4b.Z47 19991 aZepeda, Masha10aPlástica contemporánea de ChiapascMasha Zepeda. aTuxtla Gutiérrez, ChiapasbConsejo Estatal para la Cultura y las Artes en Chiapasc1999 a191 p.bil. (algunas a color)c31 cm. aIncluye índice de láminas aBibliografía: p. [194-195]14aArte mexicanoySiglo XX14aArtistasvBiografíazMéxico